University Home | Library Home | Institutional Repository

Dictionnaire geographique, historique et litteraire de la Perse, et des contrees adjacentes ... / (Record no. 163071)

MARC details
000 -LEADER
fixed length control field 00850cam0a220021700 4500
001 - CONTROL NUMBER
control field tmp15221891
003 - CONTROL NUMBER IDENTIFIER
control field UPRA
005 - DATE AND TIME OF LATEST TRANSACTION
control field 20190826101100.0
008 - FIXED-LENGTH DATA ELEMENTS--GENERAL INFORMATION
fixed length control field 950718r19701861ne fre u
035 ## - SYSTEM CONTROL NUMBER
System control number (Sirsi) r104373
035 ## - SYSTEM CONTROL NUMBER
System control number (UPRA)tmp15221891
040 ## - CATALOGING SOURCE
Transcribing agency UPRA
100 2# - MAIN ENTRY--PERSONAL NAME
Personal name Barbier de Meynard, C. (Charles), 1826-1908.
Fuller form of name Barbier de Meynard, C. (Charles), 1826-1908.
Dates associated with a name Barbier de Meynard, C. (Charles), 1826-1908.
Linkage A61490.1
245 10 - TITLE STATEMENT
Title Dictionnaire geographique, historique et litteraire de la Perse, et des contrees adjacentes ... /
Statement of responsibility, etc. par Casimir Barbier de Meynard.
260 ## - PUBLICATION, DISTRIBUTION, ETC.
Place of publication, distribution, etc. Amsterdam :
Name of publisher, distributor, etc. Philo Press,
Date of publication, distribution, etc. 1970.
500 ## - GENERAL NOTE
General note Reprint of the Paris, 1861, ed.
651 #0 - SUBJECT ADDED ENTRY--GEOGRAPHIC NAME
Geographic name Iran.
Linkage S47781.1
651 #0 - SUBJECT ADDED ENTRY--GEOGRAPHIC NAME
Geographic name Iran -- Gazetteers.
General subdivision Iran -- Gazetteers.
Linkage S47782.1
949 ## - LOCAL PROCESSING INFORMATION (OCLC)
a DS270
w lcc
i -148386
m MAIN
t BOOK
l ON-SHELF

No items available.

© 2026 - The University of Zambia Library - Koha v25.11